000 01025nam0a2200313 4500
001 RU\NLR\BIBL_A\022647608
005 20260115163540.0
010 _a978-5-907779-72-3
_93000
021 _aRU
_bКН-П-25-053606
_9КН-П-25-5171
035 _a(NLR Aleph) 022647608
090 _a13514061
_c13514061
100 _a20251020d2025 u y0rusy50 ca
101 0 _arus
102 _aRU
105 _aca z 000ay
181 0 _ai
_baxxe
182 0 _an
200 1 _aЯ ставлю точку
_fБогдан Селиванов
203 _aТекст
_bвизуальный
_cнепосредственный
210 _aМосква
_cПорт приписки
_d2025
215 _a310 с.
_cцв. ил., портр.
_d22
320 _aДр. кн. авт. на 311-й с.
686 2 _aШ6(2=Р)8-440.5
700 1 _aСеливанов
_bБ. А.
_gБогдан Александрович
942 _cBOOK
980 _aNB